El misterio del albergue del eco / (Registro nro. 11087)
[ vista simple ]
| 000 -LEADER | |
|---|---|
| fixed length control field | 00899nam a22002897a 4500 |
| 001 - CONTROL NUMBER | |
| control field | 01478 |
| 003 - CONTROL NUMBER IDENTIFIER | |
| control field | DO-SdBNP |
| 005 - DATE AND TIME OF LATEST TRANSACTION | |
| control field | 20180201092821.0 |
| 007 - PHYSICAL DESCRIPTION FIXED FIELD--GENERAL INFORMATION | |
| fixed length control field | 01478 |
| 008 - FIXED-LENGTH DATA ELEMENTS--GENERAL INFORMATION | |
| fixed length control field | 160803b 1987 sp ||||| |||| 00| 0 spa d |
| 020 ## - INTERNATIONAL STANDARD BOOK NUMBER | |
| International Standard Book Number | 8477220778 |
| 040 ## - CATALOGING SOURCE | |
| Original cataloging agency | BPMSU |
| Language of cataloging | spa |
| Transcribing agency | BPMSU |
| 082 ## - DEWEY DECIMAL CLASSIFICATION NUMBER | |
| Classification number | 813.5 |
| Item number | M968m |
| 100 1# - MAIN ENTRY--PERSONAL NAME | |
| Personal name | Foley, Louise Munro. |
| 240 10 - UNIFORM TITLE | |
| Uniform title | <a href="Forest of fear.">Forest of fear.</a> |
| Language of a work | Español |
| 245 13 - TITLE STATEMENT | |
| Title | El misterio del albergue del eco / |
| Statement of responsibility, etc. | Louise Munro Foley ; ilustraciones Don Hedin ; traducción Margarita Cavándoli. |
| 260 ## - PUBLICATION, DISTRIBUTION, ETC. (IMPRINT) | |
| Place of publication, distribution, etc. | Barcelona : |
| Name of publisher, distributor, etc. | Editorial Timun Mas, |
| Date of publication, distribution, etc. | 1987. |
| 300 ## - PHYSICAL DESCRIPTION | |
| Extent | 118 p. ; |
| Dimensions | 20 cm. |
| 490 1# - SERIES STATEMENT | |
| Series statement | Elege tu propia aventura |
| 650 ## - SUBJECT ADDED ENTRY--TOPICAL TERM | |
| Topical term or geographic name as entry element | |
| 651 ## - SUBJECT ADDED ENTRY--GEOGRAPHIC NAME | |
| Geographic name | CUENTOS INFANTILES ESTADOJNIDENSE |
| 700 12 - ADDED ENTRY--PERSONAL NAME | |
| Personal name | Cavándoli, Margarita, |
| Relator term | tr. |
| 830 #0 - SERIES ADDED ENTRY--UNIFORM TITLE | |
| Uniform title | Elege tu propia aventura |
| 942 ## - ADDED ENTRY ELEMENTS (KOHA) | |
| Source of classification or shelving scheme | Dewey Decimal Classification |
| Koha item type | Libros |
| 945 ## - LOCAL PROCESSING INFORMATION (OCLC) | |
| a | Inventariado, 2018 /LP |
| 956 ## - LOCAL ELECTRONIC LOCATION AND ACCESS (OCLC) | |
| Host name | VMATEO |
| Access number | 10 |
| Compression information | 20160803 |
| Path | BPMSU |
| Electronic name | 00069 |
| Withdrawn status | Lost status | Source of classification or shelving scheme | Damaged status | Not for loan | Collection code | Home library | Current library | Date acquired | Source of acquisition | Total Checkouts | Full call number | Barcode | Date last seen | Price effective from | Koha item type |
|---|---|---|---|---|---|---|---|---|---|---|---|---|---|---|---|
| Dewey Decimal Classification | Colección General | Biblioteca Pública Metropolitana Salomé Ureña | Biblioteca Pública Metropolitana Salomé Ureña | 08/03/2016 | SELLAR | 813.5 M968m | BPMSU16080033 | 08/03/2016 | 08/03/2016 | Libros |